Manuel élémentaire de droit international privé: a l'usage des étudiants en droit et des candidats aux carriéres diplomatique et consulaire

Zapisane w:
Opis bibliograficzny
1. autor: Foignet, René (Autor)
Format: Książka
Język:francuski
Wydane: París Librairie Arthur Rousseau 1923
Wydanie:7a. ed
Hasła przedmiotowe:
Etykiety: Dodaj etykietę
Nie ma etykietki, Dołącz pierwszą etykiete!

MARC

LEADER 00000nam a2200000 a 4500
001 UCT9157
003 CL-VaPUC
008 970404e19230000FR |||||||||||||||||fre|d
082 0 4 |a 340.9  |b FOI  |2 21 
100 0 |a Foignet, René  |e author  |9 381592 
245 1 0 |a Manuel élémentaire de droit international privé: a l'usage des étudiants en droit et des candidats aux carriéres diplomatique et consulaire 
250 |a 7a. ed 
300 |a 469 p 
942 |c BK 
945 |d 19970404 00:00:00  |a cmena 
260 |a París  |b Librairie Arthur Rousseau  |c 1923 
650 0 |a Derecho internacional privado  |9 256361 
650 0 |a Extranjeros   |9 358057 
650 7 |a LEGISLACION  |2 CL-VaPUC  |9 381593 
650 0 |a Jurisdicción  |9 255090 
650 7 |a NACIONALIZACION  |2 CL-VaPUC  |9 257239 
650 7 |a LEGISLACION FRANCIA  |2 CL-VaPUC  |9 381594 
651 0 |a Francia  |9 255157 
583 |a last modification  |c 19970404 00:00:00  |k Rodrigo Vera 
999 |c 257577  |d 257575 
952 |0 0  |1 0  |4 0  |6 340_900000000000000_FOI_1923  |7 0  |8 X  |9 281115  |a BIBDER  |b BIBDER  |d 2019-11-19  |i 1823531  |o 340.9 FOI 1923  |p 1823531  |r 2023-01-25  |w 2019-11-19  |y BK_X  |k DER